| 000 | 00739nam a2200217Ii 4500 | ||
|---|---|---|---|
| 003 | JO-AjNU | ||
| 008 | 230605s9999||||xx |||||||||||||| ||und|| | ||
| 017 | _a2008/09 | ||
| 020 | _a978-977-6274-66-9 | ||
| 040 |
_aJO-AjNU _bara _erda _cJO-AjNU |
||
| 041 | _aara | ||
| 050 | 1 | 4 | _aTS155.U29 2009 |
| 100 | 3 |
_aعبيدات، سليمان/م مشارك محمود علي سالم , _eauthor _943973 |
|
| 245 | 0 | 0 | _aادارة العمليات الانتاجية |
| 264 | 3 | 1 | _aالقاهرة:الشركة العربية المتحدة،2009 |
| 300 | _a404ص | ||
| 336 |
_atext _btxt _2rdacontent |
||
| 337 |
_aunmediated _bn _2rdamedia |
||
| 338 |
_avolume _bnc _2rdacarrier |
||
| 650 | 4 |
_aادارة النشاط الانتاجي _943974 |
|
| 999 |
_aA18947 _c22515 _d22515 |
||